Бесперебойное питание трансивера; Радио; № 2

Bibliographic Details
Parent link:Радио: научно-технический журнал.— , 1925, 1947-.— 0033-765X
№ 2.— 2002.— С. 65
Main Author: Татарко Б.
Language:Russian
Published: 2002
Series:Радио - о связи
Subjects:
Format: MixedMaterials Book Chapter
KOHA link:https://koha.lib.tpu.ru/cgi-bin/koha/opac-detail.pl?biblionumber=382676

MARC

LEADER 00000naa2a2200000 4500
001 382676
005 20231101063015.0
035 |a (RuTPU)RU\TPU\prd\6950 
090 |a 382676 
100 |a 20020930a2002 k y0rusy50 ca 
101 0 |a rus 
102 |a RU 
200 1 |a Бесперебойное питание трансивера  |f Б. Татарко 
225 1 |a Радио - о связи 
461 1 |0 (RuTPU)RU\TPU\prd\1704  |x 0033-765X  |t Радио  |o научно-технический журнал  |d 1925, 1947- 
463 1 |0 (RuTPU)RU\TPU\prd\2117  |t № 2  |v С. 65  |d 2002 
610 1 |a трансиверы 
610 1 |a радиолюбители 
610 1 |a аккумуляторные батареи 
700 1 |a Татарко  |b Б. 
801 1 |a RU  |b 63413507  |c 20020930  |g PSBO 
801 2 |a RU  |b 63413507  |c 20140303  |g RCR 
942 |c BK